000 00376nam a2200145Ia 4500
008 220803s9999 xx 000 0 und d
020 _a10412336
041 _aeng
082 _a720.47 REE
100 _aReeves G
_924867
245 _aEnergy Efficient Design Of New Low Rise Residential Buildings
260 _aAtlanta
_bAshrae Pub.
_c1995
300 _a119p
500 _aARCHI
999 _c15754
_d15754